Los endemoniados : (Record no. 2937)

000 -CABECERA
fixed length control field 00689nam a22002057a 4500
003 - IDENTIFICADOR DEL NÚMERO DE CONTROL
control field AR-CdUCM
008 - DATOS DE LONGITUD FIJA--INFORMACIÓN GENERAL
fixed length control field 190305b ||||| |||| 00| 0 esp d
020 ## - NÚMERO INTERNACIONAL ESTÁNDAR DEL LIBRO
ISBN ISBN
040 ## - FUENTE DE LA CATALOGACIÓN
Agencia/entidad que catalogó originalmente la obra MUNICIPALIDAD PROVINCIAL DEL CUSCO
Entidad que transcribió la catalogación BIBLIOTECA MUNICIPAL DEL CUSCO
082 ## - NÚMERO DE LA CLASIFICACIÓN DECIMAL DEWEY
No. de Clasificación 891.51 /
Notacion interna D93
100 ## - ENTRADA PRINCIPAL--NOMBRE DE PERSONA
Nombre Personal Dostoievski, Fedor
245 ## - MENCIÓN DE TÍTULO
Título Los endemoniados :
Mención de responsabilidad Fedor Dostoyevski
260 ## - PUBLICACIÓN, DISTRIBUCIÓN, ETC.
Lugar de publicación, distribución, etc. Barcelona ;
Nombre de la editorial, distribuidor, etc. Brugera,
Fecha de publicación, distribución, etc. 1969.
300 ## - DESCRIPCIÓN FÍSICA
Nº de Páginas Extensión 891 paginas ;
Dimensiones 17 cm.
505 ## - NOTA DE CONTENIDO CON FORMATO
Nota de contenido formateada Los pecados ajenos -- La noche -- Antes de la fiesta -- Un registro en casa de Stefan Trofimovitch -- La viajera ...
650 ## - PUNTO DE ACCESO ADICIONAL DE MATERIA--TÉRMINO DE MATERIA
Descriptor Novelas rusas
9 (RLIN) 2132
650 ## - PUNTO DE ACCESO ADICIONAL DE MATERIA--TÉRMINO DE MATERIA
Descriptor Siglo XIX
9 (RLIN) 971
942 ## - ELEMENTOS DE PUNTO DE ACCESO ADICIONAL (KOHA)
Fuente de clasificación
Tipo de item Libros-BMC
945 ## - PROCESAMIENTO DE INFORMACIÓN LOCAL (OCLC)
Catalogador acrt
Holdings
Estado de retiro (separado) Fuente de clasificación o esquema de estanterías Estado dañado Ubicación Sala donde se ubica Nombre de la colección Fecha de adquisición o compra Costo, precio normal en soles Signatura topográfica Código de Barras Última vez visto (Koha) Tipo de ítem (Koha)
No     Sala Humanidades Sala Humanidades Book Cart 2019-03-05 30.00 891.51 / D93 SH0000003033 2019-03-05 Libros-BMC

Powered by Koha